000 00446nam a2200193Ia 4500
008 230125s9999 xx 000 0 und d
020 _a81-7881-035-2
041 _aeng
082 _a650.01
_bICF
100 _aICFAI
245 _aChinese Odyssey : Mao to market
250 _a1st Ed.
260 _c2001
_bICFAI publication
300 _a209p
440 _aICFAI
500 _aICFAI Series Book
700 _aICFAI
999 _c85213
_d85213